Poesia española, antologia, poesia de la edad media y poesia de tipo tradicional /

Guardado en:
Autor Principal: Alonso, Damaso
Formato: Libro
Publicado: Madrid : Signo, 1935
Materias:
Etiquetas: Agregar Etiqueta
Sin Etiquetas, Sea el primero en etiquetar este registro!
LEADER 00522nam a22001575a 4500
001 EHU.bham017708
003 AR-BHAM
005 20080421200740.0
008 130507s1935##################000#0#####d
082 8 6 |a 861.108 
100 1 |a Alonso, Damaso 
245 1 0 |a Poesia española, antologia, poesia de la edad media y poesia de tipo tradicional /  |c Damaso Alonso 
260 |a Madrid :  |b Signo,  |c 1935 
300 |a 574 p. 
653 |a Poesia espaÑola- -1369 
859 |a AR-BHAM  |b BIB. HUMANIDADES - Arturo Marasso  |h 861.108  |i Al72  |p 1004.57  |t Ej.1  |v M